Analysis on manifolds /

Guardado en:
Autor Principal: Munkres, James R., 1930-
Formato: Libro
Idioma:English
Publicado: Boulder, Colo. : Westview Press, Advanced Book Program, c1991.
Series:Advanced book classics
Materias:
Etiquetas: Agregar Etiqueta
Sin Etiquetas, Sea el primero en etiquetar este registro!
LEADER 00734pam a2200217 a 4500
001 MAT.inmabb003992
008 890822s1991####coua#####b####001#0#eng##
005 20130319114830.0
245 0 0 |a Analysis on manifolds /  |c James R. Munkres. 
260 |a Boulder, Colo. :  |b Westview Press, Advanced Book Program,  |c c1991. 
300 |a xi, 366 p. :  |b il. ;  |c 24 cm. 
440 0 |a Advanced book classics 
504 |a Incluye referencias bibliográficas (p. 359-360) e índice. 
510 4 |a MR,  |c 92d:58001 
020 |a 0201315963 
100 1 |a Munkres, James R.,  |d 1930- 
650 0 |a Mathematical analysis. 
650 0 |a Manifolds (Mathematics) 
084 |a 58-01 (26-01)  |2 msc2000 
040 |a DLC  |c DLC  |d DLC 
859 |h 58  |i M966  |p A-8413  |b BIB. MATEMATICA